000 00429nam a2200181Ia 4500
008 240830s1994 xx 000 0 und d
041 _aeng
082 _a618.2 RAT
100 _aRATNAM S.S.
245 _aOBSTETRICA AND GYNECOLOGY FOE POSTGRADUATES VOL 2
250 _a2
260 _aNEW DELHI
_bORIANT LONGMAN
_c1994
300 _a448p
440 _v2
650 _aSTRI-ROG
906 _aN.D.
999 _c1185268
_d1185268